Jusepe de ribera, 1591-1652 /
La obra pictórica con los tópicos más frecuentes y detalles de algunos cuadros. Viajes del pintor. El tenebrismo. El barroco y su influencia. Temas profanos: la mitología.
Guardado en:
| Autor Corporativo: | |
|---|---|
| Formato: | |
| Series: | Colecciones del Museo del Prado
|
| Materias: | |
| Etiquetas: |
Agregar Etiqueta
Sin Etiquetas, Sea el primero en etiquetar este registro!
|
| LEADER | 00959ngm a22002655g 4500 | ||
|---|---|---|---|
| 001 | CEM.cems021460 | ||
| 008 | 130507b1992##################0###0#####d | ||
| 005 | 20240826133514.0 | ||
| 245 | 1 | 0 | |a Jusepe de ribera, 1591-1652 / |c Efe Tv |
| 300 | |a 26 | ||
| 490 | 0 | |a Colecciones del Museo del Prado | |
| 500 | |a En soporte VHS, consultar en ventanilla. | ||
| 520 | |a La obra pictórica con los tópicos más frecuentes y detalles de algunos cuadros. Viajes del pintor. El tenebrismo. El barroco y su influencia. Temas profanos: la mitología. | ||
| 538 | |a Soporte: VHS - Norma: Pal N - Color - Intercambio Drd 1992 - Hitachi=0000 | ||
| 110 | 2 | |a Efe Tv. | |
| 082 | 7 | 5 | |/ COL |
| 653 | |a PINTURA ESPAÑOLA | ||
| 653 | |a JUSEPE DE RIBERA | ||
| 653 | |a BARROCO | ||
| 653 | |a ESPAÑA-ARTE | ||
| 653 | |a PINTURA | ||
| 653 | |a MITOLOGIA | ||
| 653 | |a TENEBRISMO | ||
| 653 | |a NIVEL SECUNDARIO | ||
| 859 | |a CEMS |b BIB. CEMS - Depto. Recursos Didacticos |h 759 |i COL |k DRD |p 103.12 |t Ej.1 | ||
